[Event "Czech Open GM 2019"]
[Site "Pardubice"]
[Date "2019.07.27"]
[Round "9.6"]
[White "Punin, Andrii"]
[Black "Haba, Petr"]
[Result "0-1"]
[WhiteElo "2305"]
[BlackElo "2458"]
[Annotator "ChessBase"]
[PlyCount "142"]
[EventDate "2019.07.19"]
[EventType "swiss"]
[EventCountry "CZE"]
[SourceTitle "playchess.com"]
[Source "ChessBase"]
[SourceQuality "1"]

1. e4 e6 2. d4 d5 3. exd5 exd5 4. Nf3 Bd6 5. c4 Nf6 6. Nc3 O-O 7. cxd5 Nbd7 8. Bg5 h6 9. Bxf6 Nxf6 10. Be2 Re8 11. O-O a6 12. Ne5 Bxe5 13. dxe5 Rxe5 14. Bf3 Qd6 15. Re1 Rxe1+ 16. Qxe1 Bg4 17. Ne4 Nxe4 18. Qxe4 Bxf3 19. gxf3 Rd8 20. Rc1 Rd7 21. Kg2 Re7 22. Qf5 Re5 23. Qc8+ Kh7 24. Qxc7 Rg5+ 25. Kf1 Qxd5 26. Qc2+ Rg6 27. Qb3 Qf5 28. Rc3 b5 29. Ke2 Qf4 30. Re3 Rc6 31. h3 Qf5 32. Re4 Qc8 33. Qd3 g6 34. Qd5 Rf6 35. Re7 Kg7 36. h4 Qc2+ 37. Kf1 Qxb2 38. Re8 Rf5 39. Qa8 Kh7 40. Qxa6 Rxf3 41. Re2 Qb1+ 42. Kg2 Qf5 43. Qd6 Rd3 44. Qe7 Qf3+ 45. Kg1 Rd4 46. Re3 Rg4+ 47. Kf1 Qg2+ 48. Ke1 Qg1+ 49. Ke2 Rf4 50. f3 Qh2+ 51. Kf1 Qxh4 52. Qxh4 Rxh4 53. Rb3 b4 54. Kg2 g5 55. a3 bxa3 56. Rxa3 Kg6 57. Ra6+ f6 58. Ra8 h5 59. Rh8 Rd4 60. Rg8+ Kf5 61. Ra8 Kf4 62. Ra2 f5 63. Rb2 g4 64. fxg4 hxg4 65. Ra2 Kg5 66. Ra5 Rd3 67. Ra8 Rd2+ 68. Kg1 f4 69. Ra3 Kh4 70. Rb3 f3 71. Rb1 Kg3 0-1

[Event "Czech Open GM 2019"]
[Site "Pardubice"]
[Date "2019.07.27"]
[Round "9.7"]
[White "Plat, Vojtech"]
[Black "Cernousek, Lukas"]
[Result "1-0"]
[WhiteElo "2548"]
[BlackElo "2451"]
[Annotator "ChessBase"]
[PlyCount "95"]
[EventDate "2019.07.19"]
[EventType "swiss"]
[EventCountry "CZE"]
[SourceTitle "playchess.com"]
[Source "ChessBase"]
[SourceQuality "1"]

1. e4 e5 2. Nf3 Nf6 3. Nxe5 d6 4. Nc4 Nxe4 5. Qe2 Qe7 6. Ne3 Nc6 7. Qc4 Nf6 8. d4 d5 9. Qa4 Qb4+ 10. Qxb4 Bxb4+ 11. c3 Bd6 12. g3 Ne7 13. Bg2 c6 14. Nd2 Ng4 15. Nb3 Nxe3 16. Bxe3 Bf5 17. f3 h5 18. Kf2 O-O-O 19. Rae1 Rde8 20. Bf1 Kc7 21. Bd2 Kd8 22. c4 dxc4 23. Bxc4 Nd5 24. Nc5 Bxc5 25. dxc5 Rxe1 26. Rxe1 Re8 27. Be2 f6 28. h4 Re7 29. Rc1 Ke8 30. Bc4 Rd7 31. Re1+ Re7 32. Rg1 Kf8 33. a3 Ke8 34. b4 a6 35. Be2 Kf7 36. a4 Rd7 37. Rc1 Nb6 38. cxb6 Rxd2 39. Ke3 Rd7 40. Rc5 Re7+ 41. Kf2 g6 42. b5 axb5 43. axb5 Bd7 44. f4 cxb5 45. Bf3 b4 46. Bxb7 Be6 47. Bc6 Bc8 48. Bd5+ 1-0

[Event "Czech Open GM 2019"]
[Site "Pardubice"]
[Date "2019.07.27"]
[Round "9.7"]
[White "Ludvik, Tomas"]
[Black "Teclaf, Pawel"]
[Result "1/2-1/2"]
[WhiteElo "2334"]
[BlackElo "2454"]
[Annotator "ChessBase"]
[PlyCount "26"]
[EventDate "2019.07.19"]
[EventType "swiss"]
[EventCountry "CZE"]
[SourceTitle "playchess.com"]
[Source "ChessBase"]
[SourceQuality "1"]

1. d4 e6 2. c4 b6 3. e4 Bb4+ 4. Bd2 Bxd2+ 5. Nxd2 Ne7 6. Ngf3 d6 7. Bd3 Bb7 8. Qe2 Nd7 9. O-O Ng6 10. g3 c5 11. d5 Qf6 12. Rab1 O-O 13. Rfe1 Rfe8 1/2-1/2

[Event "Czech Open GM 2019"]
[Site "Pardubice"]
[Date "2019.07.27"]
[Round "9.8"]
[White "Demidov, Mikhail"]
[Black "Keller, Peter"]
[Result "1-0"]
[WhiteElo "2546"]
[BlackElo "2279"]
[Annotator "ChessBase"]
[PlyCount "117"]
[EventDate "2019.07.19"]
[EventType "swiss"]
[EventCountry "CZE"]
[SourceTitle "playchess.com"]
[Source "ChessBase"]
[SourceQuality "1"]

1. d4 Nf6 2. c4 e6 3. Nc3 d5 4. Bg5 Be7 5. e3 Nbd7 6. cxd5 exd5 7. Bd3 h6 8. Bh4 c6 9. Nge2 Ne4 10. Bxe7 Qxe7 11. Bxe4 dxe4 12. Ng3 O-O 13. Ngxe4 f5 14. Nd2 Nf6 15. O-O b6 16. Nf3 Nd7 17. Re1 Bb7 18. e4 c5 19. d5 fxe4 20. Nxe4 Nf6 21. Nc3 Qd8 22. Re5 Re8 23. Rxe8+ Qxe8 24. Qb3 Kh8 25. Re1 Qd8 26. Ne5 Bxd5 27. Qc2 Kg8 28. f4 Bf7 29. Rd1 Qe7 30. Qd3 Re8 31. a3 Bb3 32. Rd2 Be6 33. Qd6 Ng4 34. Qxe7 Rxe7 35. Rd8+ Kh7 36. Nc6 Rc7 37. Rd6 Bc4 38. h3 Nf6 39. Ne5 Ba6 40. g4 Re7 41. Kf2 Bb7 42. h4 Ne4+ 43. Nxe4 Bxe4 44. h5 Bc2 45. Kf3 b5 46. Rc6 c4 47. Ke3 Rb7 48. Rc8 g6 49. hxg6+ Bxg6 50. f5 Bf7 51. Rf8 Bg8 52. f6 b4 53. axb4 Rxb4 54. f7 Bxf7 55. Rxf7+ Kg8 56. Rf2 Kg7 57. Kd4 h5 58. gxh5 Kh6 59. Rh2 1-0

[Event "Czech Open GM 2019"]
[Site "Pardubice"]
[Date "2019.07.27"]
[Round "9.8"]
[White "Frolov, Artur"]
[Black "Vokac, Marek"]
[Result "1-0"]
[WhiteElo "2453"]
[BlackElo "2316"]
[Annotator "TA"]
[PlyCount "119"]
[EventDate "2019.07.19"]
[EventType "swiss"]
[EventCountry "CZE"]
[SourceTitle "playchess.com"]
[Source "ChessBase"]
[SourceQuality "1"]

1. e4 c5 2. Nf3 d6 3. d4 cxd4 4. Nxd4 Nf6 5. Nc3 a6 6. Be3 e5 7. Nb3 Be6 8. f3 Be7 9. Qd2 O-O 10. O-O-O a5 11. Bb5 Na6 12. Qe2 Nc7 13. Nc5 Nxb5 14. Qxb5 Qc8 15. N5a4 Ra6 16. Nb6 Qc6 17. a4 Bd8 18. Nbd5 Ne8 19. Rd3 Kh8 20. g4 Qc8 21. Qb3 Nf6 22. Rhd1 Nd7 23. R3d2 Nc5 24. Qa3 Rc6 25. Nb5 Qb8 26. Ndc3 Be7 27. h4 b6 28. Nd5 Bd8 29. Kb1 Kg8 30. g5 Na6 31. h5 Nc5 32. b3 Bxd5 33. Rxd5 Be7 34. Qb2 Ne6 35. Qc1 f5 36. gxf6 Rxf6 37. Bg5 Nxg5 38. Qxg5 Qf8 39. Qg4 Qe8 40. R5d3 Bf8 41. Nc3 Rh6 42. Nd5 Kh8 43. Rh1 g6 44. Rdd1 gxh5 45. Qf5 Bg7 46. Rdg1 Rg6 47. Rg5 Rxg5 48. Qxg5 Rc8 49. Rxh5 Qf7 50. Ne7 Re8 51. Nf5 Bf8 52. Rh2 Be7 53. Qg1 b5 54. axb5 a4 55. bxa4 Ra8 56. Qe3 Rxa4 57. Qb3 Qxb3+ 58. cxb3 Ra7 59. b6 Rb7 60. Nxe7 1-0

[Event "Czech Open GM 2019"]
[Site "Pardubice"]
[Date "2019.07.27"]
[Round "9.9"]
[White "Potapov, Pavel"]
[Black "Lintchevski, Daniil"]
[Result "1/2-1/2"]
[WhiteElo "2485"]
[BlackElo "2534"]
[Annotator "TA"]
[PlyCount "41"]
[EventDate "2019.07.19"]
[EventType "swiss"]
[EventCountry "CZE"]
[SourceTitle "playchess.com"]
[Source "ChessBase"]
[SourceQuality "1"]

1. e4 c5 2. c3 Nf6 3. e5 Nd5 4. Nf3 Nc6 5. d4 cxd4 6. cxd4 d6 7. Bc4 Nb6 8. Bb5 dxe5 9. Nxe5 Bd7 10. Nxd7 Qxd7 11. Nc3 e6 12. O-O Rd8 13. Bg5 Be7 14. Bxe7 Qxe7 15. Qf3 O-O 16. Bxc6 bxc6 17. Qxc6 Rxd4 18. Rfd1 Rfd8 19. Rxd4 Rxd4 20. Rd1 Rxd1+ 21. Nxd1 1/2-1/2

[Event "Czech Open GM 2019"]
[Site "Pardubice"]
[Date "2019.07.27"]
[Round "9.9"]
[White "Vykouk, Jan"]
[Black "Goriatchkin, Jouri"]
[Result "1-0"]
[WhiteElo "2453"]
[BlackElo "2316"]
[Annotator "TA"]
[PlyCount "92"]
[EventDate "2019.07.19"]
[EventType "swiss"]
[EventCountry "CZE"]
[SourceTitle "playchess.com"]
[Source "ChessBase"]
[SourceQuality "1"]

1. e4 e6 2. d4 d5 3. Nc3 Nf6 4. e5 Nfd7 5. f4 c5 6. Nf3 Nc6 7. Be3 a6 8. Qd2 b5 9. Bd3 Qb6 10. Qf2 cxd4 11. Nxd4 Nxd4 12. Bxd4 Bc5 13. Ne2 b4 14. O-O a5 15. Kh1 g6 16. g4 O-O 17. Rae1 Ba6 18. f5 Bxd3 19. cxd3 exf5 20. gxf5 Bxd4 21. Nxd4 Rae8 22. Qf4 Qb8 23. f6 Rxe5 24. Nc6 Rxe1 25. Nxb8 Rxf1+ 26. Qxf1 Rxb8 27. Qf4 Rc8 28. Qd6 Nf8 29. Qxd5 Rc1+ 30. Kg2 Rc2+ 31. Kg3 Rxb2 32. Qxa5 h6 33. d4 b3 34. axb3 Rxb3+ 35. Kf4 Rb2 36. Kg3 Rb3+ 37. Kg4 Rb2 38. h3 Rg2+ 39. Kf3 Rg5 40. Qd8 Rh5 41. Kg3 Rg5+ 42. Kh2 Rf5 43. d5 Rf4 44. d6 Rf5 45. Kg2 Rf4 46. Kg3 Rd4 1-0

[Event "Czech Open GM 2019"]
[Site "Pardubice"]
[Date "2019.07.27"]
[Round "9.10"]
[White "Polschikov, Alexey"]
[Black "Gazik, Viktor"]
[Result "0-1"]
[WhiteElo "2375"]
[BlackElo "2525"]
[Annotator "TA"]
[PlyCount "98"]
[EventDate "2019.07.19"]
[EventType "swiss"]
[EventCountry "CZE"]
[SourceTitle "playchess.com"]
[Source "ChessBase"]
[SourceQuality "1"]

1. Nf3 Nf6 2. c4 Nc6 3. d4 d6 4. d5 Ne5 5. Nxe5 dxe5 6. g3 e6 7. Bg2 exd5 8. cxd5 Bc5 9. O-O O-O 10. Qc2 b6 11. Nc3 h6 12. Rb1 a5 13. a3 Bd7 14. b4 axb4 15. axb4 Bd6 16. Bd2 Qe7 17. b5 Ra7 18. Ra1 Rfa8 19. Rxa7 Rxa7 20. Rb1 Qe8 21. Bc1 Ra5 22. Qd3 Bc5 23. h3 Qc8 24. g4 Bd6 25. Bd2 Qa8 26. Bf3 Ra3 27. Qc2 Ra1 28. Kg2 Rxb1 29. Qxb1 Qa3 30. Qc2 Qc5 31. Qb3 Qd4 32. Be3 Qb4 33. Qc2 Qc4 34. Qc1 Bxb5 35. g5 hxg5 36. Bxg5 e4 37. Nxe4 Nxe4 38. Qxc4 Bxc4 39. Bxe4 Bxe2 40. Be3 Kf8 41. f4 Ke7 42. Bd4 f6 43. Kf2 Bh5 44. Ke3 Ba3 45. Kd3 Kd6 46. Bf2 Bf7 47. f5 Bb2 48. Bg3+ Be5 49. Be1 Bxd5 0-1

[Event "Czech Open GM 2019"]
[Site "Pardubice"]
[Date "2019.07.27"]
[Round "9.10"]
[White "Nurkiewicz, Maciej"]
[Black "Biolek, Richard Jr."]
[Result "1/2-1/2"]
[WhiteElo "2334"]
[BlackElo "2447"]
[Annotator "NA"]
[PlyCount "83"]
[EventDate "2019.07.19"]
[EventType "swiss"]
[EventCountry "CZE"]
[SourceTitle "playchess.com"]
[Source "ChessBase"]
[SourceQuality "1"]

1. e4 Nc6 2. Nf3 e5 3. Bb5 a6 4. Ba4 Nf6 5. O-O Be7 6. Re1 b5 7. Bb3 O-O 8. a4 b4 9. d3 d6 10. Nbd2 Be6 11. Nf1 Bxb3 12. cxb3 Qd7 13. Ne3 g6 14. Nc4 Rfe8 15. Bd2 Bf8 16. Rc1 Rab8 17. Qc2 Nd8 18. d4 exd4 19. Nxd4 d5 20. exd5 Rxe1+ 21. Rxe1 Qxd5 22. Nf3 Ne6 23. Re5 Qc6 24. h3 Rd8 25. Re1 Qd5 26. Re5 Qc6 27. Re1 Qa8 28. Nce5 c5 29. Qc4 Rd5 30. Qh4 Bg7 31. Bh6 Nd4 32. Bxg7 Nxf3+ 33. Nxf3 Kxg7 34. Qc4 a5 35. Ne5 Qc8 36. Nd3 Qf5 37. Re3 Rd4 38. Qb5 Qd5 39. Nxc5 Rd1+ 40. Kh2 Qd6+ 41. g3 Qd5 42. Ne4 1/2-1/2

[Event "Czech Open GM 2019"]
[Site "Pardubice"]
[Date "2019.07.27"]
[Round "9.11"]
[White "Krejci, Jan"]
[Black "Kacharava, Nikolozi"]
[Result "1-0"]
[WhiteElo "2578"]
[BlackElo "2431"]
[Annotator "ChessBase"]
[PlyCount "115"]
[EventDate "2019.07.19"]
[EventType "swiss"]
[EventCountry "CZE"]
[SourceTitle "playchess.com"]
[Source "ChessBase"]
[SourceQuality "1"]

1. c4 e5 2. g3 Nc6 3. Bg2 g6 4. Nc3 Bg7 5. d3 d6 6. e4 Nge7 7. Nge2 O-O 8. O-O Bg4 9. h3 Be6 10. Nd5 Qd7 11. Kh2 f5 12. Be3 Rf7 13. d4 f4 14. gxf4 Nxd4 15. fxe5 Nf3+ 16. Bxf3 Rxf3 17. Nef4 Rxe3 18. fxe3 Bxe5 19. Kg2 Nxd5 20. cxd5 Bf7 21. Rf2 Re8 22. Qg4 Qxg4+ 23. hxg4 g5 24. Nh3 h6 25. Rc2 c5 26. dxc6 bxc6 27. Rxc6 Rb8 28. Rc2 Rxb2 29. Rxb2 Bxb2 30. Rb1 Ba3 31. Kf3 Bc5 32. a4 Kg7 33. a5 Kf6 34. Nf2 h5 35. Rh1 hxg4+ 36. Nxg4+ Kg7 37. e5 Bd5+ 38. e4 Be6 39. Rc1 Kf8 40. Ne3 g4+ 41. Nxg4 Ke7 42. Ne3 Kd7 43. Nf5 Bb4 44. Rd1 Bf7 45. Kf4 Bb3 46. Rxd6+ Bxd6 47. exd6 Ba2 48. e5 Ke6 49. Nd4+ Kd7 50. Nb5 a6 51. Nc7 Bc4 52. Ke4 Kc6 53. Kd4 Be2 54. Ne6 Bf1 55. Nc5 Bb5 56. d7 Kc7 57. e6 Kd8 58. Nb7+ 1-0

[Event "Czech Open GM 2019"]
[Site "Pardubice"]
[Date "2019.07.27"]
[Round "9.11"]
[White "Bryzgalin, Kirill"]
[Black "Radeva, Viktoria"]
[Result "1-0"]
[WhiteElo "2437"]
[BlackElo "2247"]
[Annotator "NA"]
[PlyCount "109"]
[EventDate "2019.07.19"]
[EventType "swiss"]
[EventCountry "CZE"]
[SourceTitle "playchess.com"]
[Source "ChessBase"]
[SourceQuality "1"]

1. c4 e6 2. d4 d5 3. Nc3 c6 4. Bf4 Nf6 5. e3 Bd6 6. Nf3 O-O 7. Ne5 b6 8. Bd3 Bb7 9. O-O c5 10. cxd5 Nxd5 11. Nxd5 Bxd5 12. dxc5 Bxc5 13. Qc2 h6 14. Rfd1 Qe7 15. Bh7+ Kh8 16. Be4 Na6 17. a3 Nc7 18. b4 Bd6 19. Rac1 Bxe4 20. Qxe4 Nd5 21. Nc6 Qc7 22. Bxd6 Qxd6 23. Qd3 Qc7 24. g3 Rac8 25. Qa6 Ra8 26. e4 Nf6 27. f3 Rfc8 28. Kg2 Nd7 29. Ne7 Nc5 30. bxc5 Qxe7 31. cxb6 Rcb8 32. Rc7 axb6 33. Rxe7 Rxa6 34. Rxf7 Rxa3 35. Rdd7 b5 36. Rxg7 b4 37. Rh7+ Kg8 38. Rdg7+ Kf8 39. Rb7 Rxb7 40. Rxb7 Rb3 41. f4 Rb2+ 42. Kh3 b3 43. e5 Ke8 44. g4 Rb1 45. Kh4 b2 46. Kh5 Rf1 47. Rxb2 Rxf4 48. h4 Re4 49. Rg2 Rxe5+ 50. Kxh6 Kf7 51. Kh7 Re1 52. h5 Rh1 53. h6 Ra1 54. Rf2+ Ke7 55. g5 1-0

[Event "Czech Open GM 2019"]
[Site "Pardubice"]
[Date "2019.07.27"]
[Round "9.12"]
[White "Zanan, Evgeny"]
[Black "Cukrowski, Filip"]
[Result "1/2-1/2"]
[WhiteElo "2505"]
[BlackElo "2421"]
[Annotator "ChessBase"]
[PlyCount "66"]
[EventDate "2019.07.19"]
[EventType "swiss"]
[EventCountry "CZE"]
[SourceTitle "playchess.com"]
[Source "ChessBase"]
[SourceQuality "1"]

1. d4 Nf6 2. Bf4 d5 3. Nf3 Bf5 4. e3 e6 5. c4 Bd6 6. Bg5 O-O 7. Nc3 c6 8. Qb3 b6 9. Rc1 Nbd7 10. cxd5 exd5 11. Be2 Qb8 12. Bh4 Re8 13. Na4 b5 14. Nc5 Ne4 15. Nxe4 Bxe4 16. Rxc6 Re6 17. Rc1 a6 18. Ng5 Rh6 19. Nxe4 dxe4 20. Bg3 Bxg3 21. fxg3 Qd6 22. O-O Rf8 23. a4 bxa4 24. Qxa4 Rxh2 25. Kxh2 Qh6+ 26. Bh5 Nf6 27. Rc5 Nxh5 28. Qb3 g5 29. Kg1 Nxg3 30. Re1 Qh1+ 31. Kf2 Qh4 32. Rec1 h6 33. Rc8 Ne2+ 1/2-1/2

[Event "Czech Open GM 2019"]
[Site "Pardubice"]
[Date "2019.07.27"]
[Round "9.12"]
[White "Tate, Alan"]
[Black "Dobrowolski, Piotr"]
[Result "1-0"]
[WhiteElo "2283"]
[BlackElo "2418"]
[Annotator "TA"]
[PlyCount "131"]
[EventDate "2019.07.19"]
[EventType "swiss"]
[EventCountry "CZE"]
[SourceTitle "playchess.com"]
[Source "ChessBase"]
[SourceQuality "1"]

1. e4 c5 2. Nf3 e6 3. d4 cxd4 4. Nxd4 Nf6 5. Nc3 Nc6 6. Ndb5 Bc5 7. Bf4 O-O 8. Bc7 Qe7 9. Bd6 Bxd6 10. Qxd6 Qd8 11. Qc7 d5 12. exd5 exd5 13. Qxd8 Rxd8 14. Ne2 d4 15. Rd1 d3 16. Rxd3 Rxd3 17. cxd3 Bf5 18. Ned4 Nxd4 19. Nxd4 Bg6 20. Be2 Rd8 21. Nb3 Bxd3 22. Bxd3 Rxd3 23. Ke2 Rd7 24. Rc1 g6 25. Rc8+ Kg7 26. Nc5 Re7+ 27. Kd3 Ng4 28. f3 Ne3 29. Rb8 Nxg2 30. Rxb7 Ne1+ 31. Kc4 Re2 32. a4 a5 33. b4 Rc2+ 34. Kb3 axb4 35. Ne6+ Kf6 36. Nd8 g5 37. Rxf7+ Kg6 38. Re7 Rc1 39. Re3 Rb1+ 40. Ka2 Rd1 41. Nc6 Rd2+ 42. Kb3 Nc2 43. Re6+ Kf5 44. Rh6 Ne1 45. a5 Nd3 46. Nxb4 Rb2+ 47. Kc3 Rxb4 48. Kxd3 Ra4 49. a6 g4 50. fxg4+ Kg5 51. Rxh7 Rxa6 52. h3 Ra3+ 53. Kd4 Ra4+ 54. Kc5 Kg6 55. Rd7 Ra3 56. h4 Rh3 57. Rd6+ Kf7 58. h5 Rg3 59. Rg6 Rg1 60. Kd5 Ra1 61. Ke4 Ra4+ 62. Kf5 Ra5+ 63. Kf4 Ra3 64. Kg5 Ra5+ 65. Kh6 Ra8 66. Rg7+ 1-0

[Event "Czech Open GM 2019"]
[Site "Pardubice"]
[Date "2019.07.27"]
[Round "9.13"]
[White "Matviishen, Viktor"]
[Black "Koustav Chatterjee"]
[Result "1-0"]
[WhiteElo "2495"]
[BlackElo "2430"]
[Annotator "ChessBase"]
[PlyCount "85"]
[EventDate "2019.07.19"]
[EventType "swiss"]
[EventCountry "CZE"]
[SourceTitle "playchess.com"]
[Source "ChessBase"]
[SourceQuality "1"]

1. d4 Nf6 2. c4 e6 3. Nf3 d5 4. g3 dxc4 5. Bg2 Nc6 6. Qa4 Bb4+ 7. Bd2 Nd5 8. Bxb4 Ndxb4 9. a3 b5 10. Qxb5 Nc2+ 11. Kd2 Bd7 12. Kxc2 Nxd4+ 13. Nxd4 Bxb5 14. Nxb5 Rb8 15. Bc6+ Kf8 16. Rd1 Qf6 17. N1c3 a6 18. Ne4 Qe5 19. f4 Qh5 20. Nbc3 Qa5 21. Na4 g6 22. Nec5 Kg7 23. Rd7 Rhe8 24. Rad1 Rb6 25. Rxc7 Reb8 26. Rdd7 Rxb2+ 27. Nxb2 Qxc5 28. Bb7 Qb5 29. Rxf7+ Kg8 30. Rg7+ Kh8 31. Rxh7+ Kg8 32. Rhd7 Qb3+ 33. Kc1 c3 34. Nd1 Qxa3+ 35. Kc2 Qa2+ 36. Kxc3 Qxe2 37. Nb2 Qxh2 38. Nd3 Qxg3 39. Bc8 Qh4 40. Re7 Kf8 41. Rh7 Qf6+ 42. Ne5 Kg8 43. Bxe6+ 1-0

[Event "Czech Open GM 2019"]
[Site "Pardubice"]
[Date "2019.07.27"]
[Round "9.13"]
[White "Beukes, Dante M"]
[Black "Sylvan, Jacob"]
[Result "0-1"]
[WhiteElo "2016"]
[BlackElo "2326"]
[Annotator "TA"]
[PlyCount "59"]
[EventDate "2019.07.19"]
[EventType "swiss"]
[EventCountry "CZE"]
[SourceTitle "playchess.com"]
[Source "ChessBase"]
[SourceQuality "1"]

1. e4 c5 2. Nf3 Nc6 3. Bb5 g6 4. Bxc6 dxc6 5. d3 Bg7 6. h3 Nf6 7. Nc3 Nd7 8. O-O e5 9. Be3 h6 10. Qd2 b6 11. a4 a5 12. Nh2 Nf8 13. f4 exf4 14. Bxf4 g5 15. Be3 Be6 16. Rae1 Qd6 17. Nf3 Ng6 18. Bf2 O-O 19. Ne2 f5 20. Nxg5 hxg5 21. Qxg5 Bd7 22. Bg3 Qf6 23. Qh5 Ne7 24. e5 Qf7 25. Qg5 Ng6 26. h4 Kh7 27. Nf4 Nxe5 28. Qh5+ Kg8 29. Qd1 Ng4 30. h5 0-1

[Event "Czech Open GM 2019"]
[Site "Pardubice"]
[Date "2019.07.27"]
[Round "9.14"]
[White "Horvath, Dominik"]
[Black "Simacek, Pavel"]
[Result "1/2-1/2"]
[WhiteElo "2424"]
[BlackElo "2490"]
[Annotator "ChessBase"]
[PlyCount "104"]
[EventDate "2019.07.19"]
[EventType "swiss"]
[EventCountry "CZE"]
[SourceTitle "playchess.com"]
[Source "ChessBase"]
[SourceQuality "1"]

1. Nf3 d5 2. d4 c6 3. c4 Nf6 4. e3 Bg4 5. h3 Bh5 6. Nc3 e6 7. g4 Bg6 8. Ne5 Nbd7 9. Nxg6 hxg6 10. g5 Ne4 11. Nxe4 dxe4 12. h4 Bb4+ 13. Bd2 Qa5 14. a3 Bxd2+ 15. Qxd2 Qxd2+ 16. Kxd2 f5 17. c5 e5 18. Bc4 Rh7 19. Rh3 O-O-O 20. Kc3 Rdh8 21. Rah1 Kd8 22. b4 exd4+ 23. exd4 Ke7 24. b5 cxb5 25. Bxb5 Rc8 26. h5 gxh5 27. Rxh5 Rxh5 28. Rxh5 Nf8 29. Rh8 Rd8 30. Bc4 Ne6 31. Rxd8 Nxd8 32. d5 b6 33. d6+ Kd7 34. Kd4 Ne6+ 35. Ke5 Nxc5 36. Bb5+ Kd8 37. Kxf5 a6 38. Bc6 Nd3 39. Bxe4 Nxf2 40. Bb7 Kd7 41. Bxa6 Kxd6 42. Kg6 Ne4 43. Bd3 Nc5 44. Bb5 Ne6 45. Bc4 Nxg5 46. Kxg5 Kc5 47. Bf7 b5 48. Kf5 Kd4 49. Be8 Kc4 50. Bxb5+ Kxb5 51. Kg6 Ka4 52. Kxg7 Kxa3 1/2-1/2

[Event "Czech Open GM 2019"]
[Site "Pardubice"]
[Date "2019.07.27"]
[Round "9.14"]
[White "Najdin, Danil"]
[Black "Shpanko, Nadiia"]
[Result "1-0"]
[WhiteElo "2314"]
[BlackElo "2132"]
[Annotator "NA"]
[PlyCount "59"]
[EventDate "2019.07.19"]
[EventType "swiss"]
[EventCountry "CZE"]
[SourceTitle "playchess.com"]
[Source "ChessBase"]
[SourceQuality "1"]

1. e4 c5 2. Nf3 e6 3. d4 cxd4 4. Nxd4 Nf6 5. Bd3 Nc6 6. Nxc6 bxc6 7. O-O d5 8. Nd2 Be7 9. b3 O-O 10. Bb2 a5 11. c4 Ba6 12. Qf3 a4 13. Rad1 Qa5 14. Qh3 h6 15. Bb1 Rfd8 16. Rfe1 Rab8 17. Bc3 Qc5 18. e5 Nd7 19. Qg4 axb3 20. axb3 Kf8 21. Re3 Bg5 22. Rg3 f5 23. exf6 Nxf6 24. Rf3 dxc4 25. h4 cxb3 26. hxg5 Qxg5 27. Qxe6 Bc8 28. Bxf6 gxf6 29. Rxf6+ Kg7 30. Qe7+ 1-0

[Event "Czech Open GM 2019"]
[Site "Pardubice"]
[Date "2019.07.27"]
[Round "9.15"]
[White "Plischki, Sebastian"]
[Black "Warmerdam, Max"]
[Result "0-1"]
[WhiteElo "2420"]
[BlackElo "2480"]
[Annotator "ChessBase"]
[PlyCount "30"]
[EventDate "2019.07.19"]
[EventType "swiss"]
[EventCountry "CZE"]
[SourceTitle "playchess.com"]
[Source "ChessBase"]
[SourceQuality "1"]

1. d4 d5 2. c4 e6 3. Nc3 a6 4. c5 Nc6 5. Nf3 e5 6. dxe5 d4 7. Ne4 Qd5 8. Qc2 Bf5 9. Nf6+ gxf6 10. Qxf5 Bxc5 11. e4 dxe3 12. fxe3 fxe5 13. Be2 Nge7 14. Qh3 Ng6 15. O-O Nf4 0-1

[Event "Czech Open GM 2019"]
[Site "Pardubice"]
[Date "2019.07.27"]
[Round "9.15"]
[White "Karsay, Pascal"]
[Black "Voinikonis, Nikita"]
[Result "0-1"]
[WhiteElo "2304"]
[BlackElo "2137"]
[Annotator "NA"]
[PlyCount "90"]
[EventDate "2019.07.19"]
[EventType "swiss"]
[EventCountry "CZE"]
[SourceTitle "playchess.com"]
[Source "ChessBase"]
[SourceQuality "1"]

1. e4 c5 2. d3 Nc6 3. g3 g6 4. Bg2 Bg7 5. Ne2 Nf6 6. O-O d5 7. exd5 Nxd5 8. Nbc3 Nxc3 9. bxc3 O-O 10. Rb1 Qc7 11. Bf4 e5 12. Be3 b6 13. c4 Bb7 14. Nc3 f5 15. Nd5 Qd7 16. Qd2 Rae8 17. Rfe1 f4 18. gxf4 Nb4 19. Rxb4 cxb4 20. fxe5 Rxe5 21. Qxb4 Kh8 22. Qxf8+ Bxf8 23. Bd4 Bg7 24. Rxe5 Qc8 25. h3 Bxd5 26. Rxd5 Bxd4 27. Rxd4 Qa6 28. Rd8+ Kg7 29. Rd7+ Kh6 30. Bd5 Qxa2 31. Bg8 a5 32. h4 Kh5 33. Rxh7+ Kg4 34. Be6+ Kf4 35. Rf7+ Ke5 36. Bd5 a4 37. Kg2 a3 38. c3 Qb2 39. d4+ Kd6 40. Rf6+ Ke7 41. Rf7+ Ke8 42. Be6 a2 43. d5 Qa3 44. c5 a1=Q 45. d6 Qa8+ 0-1

[Event "Czech Open GM 2019"]
[Site "Pardubice"]
[Date "2019.07.27"]
[Round "9.16"]
[White "Gagare, Shardul"]
[Black "Nguyen, Piotr"]
[Result "1-0"]
[WhiteElo "2476"]
[BlackElo "2420"]
[Annotator "ChessBase"]
[PlyCount "83"]
[EventDate "2019.07.19"]
[EventType "swiss"]
[EventCountry "CZE"]
[SourceTitle "playchess.com"]
[Source "ChessBase"]
[SourceQuality "1"]

1. Nf3 c5 2. e4 g6 3. c3 d5 4. e5 Nc6 5. d4 Bg4 6. Bb5 Qb6 7. Bxc6+ Qxc6 8. O-O Bg7 9. Nbd2 cxd4 10. cxd4 Rc8 11. h3 Bd7 12. Nb1 Nh6 13. Nc3 O-O 14. Qb3 Be6 15. Bf4 f6 16. exf6 exf6 17. Nb5 Qb6 18. Nd6 Rc6 19. Nxb7 g5 20. Bd2 g4 21. hxg4 Bxg4 22. Nh2 Be2 23. Qxd5+ Nf7 24. Rfc1 Rxc1+ 25. Rxc1 Rb8 26. Nc5 Qxb2 27. Be3 Rd8 28. Qe6 f5 29. Re1 Qc2 30. Bh6 Bxh6 31. Rxe2 Qd1+ 32. Re1 Qxd4 33. Qxf5 Qd2 34. Nf3 Qxa2 35. Ne6 Re8 36. Re4 Bg7 37. Nfd4 Bxd4 38. Rg4+ Kh8 39. Nxd4 Qa6 40. Qxf7 Re1+ 41. Kh2 Qh6+ 42. Kg3 1-0

[Event "Czech Open GM 2019"]
[Site "Pardubice"]
[Date "2019.07.27"]
[Round "9.16"]
[White "Maetzkow, Maximilian Paul"]
[Black "Barski, Radoslaw"]
[Result "1-0"]
[WhiteElo "2274"]
[BlackElo "2468"]
[Annotator "ChessBase"]
[PlyCount "73"]
[EventDate "2019.07.19"]
[EventType "swiss"]
[EventCountry "CZE"]
[SourceTitle "playchess.com"]
[Source "ChessBase"]
[SourceQuality "1"]

1. e4 c5 2. Nf3 d6 3. Bb5+ Nd7 4. Ba4 Ngf6 5. O-O a6 6. c4 e5 7. Nc3 g6 8. d3 Bg7 9. a3 O-O 10. b4 b5 11. Bb3 Rb8 12. cxb5 axb5 13. Be3 h6 14. h3 Qe7 15. Qd2 Kh7 16. Rfc1 Ba6 17. Rc2 Rfc8 18. Rac1 Nb6 19. Nd5 Nbxd5 20. Bxd5 Nxd5 21. exd5 Qb7 22. bxc5 Qxd5 23. d4 e4 24. Ne1 g5 25. cxd6 Rc4 26. Rxc4 bxc4 27. Nc2 Qxd6 28. Nb4 f5 29. d5 c3 30. Qd1 Rxb4 31. axb4 Qxb4 32. d6 Bd3 33. d7 c2 34. Qh5 Qd6 35. Qe8 Bf6 36. Qf7+ Kh8 37. Bc5 1-0